Alphabet de films français - par image - Statistiques

Statistiques générales
  • Ce quiz a été pris 189 fois
  • Le résultat moyen est 13 sur 26
Statistiques - réponses
Par images Réponse % Correct
Les Choristes
97%
Le Dîner de Cons
95%
Intouchables
93%
Oss 117
86%
Astérix et Obélix : Mission Cléopâtre
83%
La Haine
83%
Qu'est-ce qu'on a fait au Bon Dieu ?
78%
Un petit truc en plus
66%
La guerre des Boutons
58%
Kaamelott
54%
Nos jours heureux
54%
Le Fabuleux Destin d’Amélie Poulain
52%
Les Sous-doués
51%
Yves Saint Laurent
51%
Les Petits mouchoirs
49%
Bac Nord
40%
La Zizanie
30%
Jeux d'enfants
29%
La Rafle
25%
La Traversée de Paris
23%
Wasabi
23%
La Vie est un long fleuve tranquille
16%
En attendant Bojangles
15%
La prochaine fois je viserais le cœur
3%
Made in France
3%
XXL
3%
Aucun quiz correspondant
Distribution des résultats
% des personnes avec chaque résultat
Percentile par nombre de réponses
Votre historique - résultats
Vous n’avez pas pris ce quiz